Sports Quiz

Random Sports or World Quiz

World Series Winners since 1980 Quiz Stats

 Plays Quiz not verified by Sporcle

Challenge
Share
Tweet
Embed
Score 0/32 Timer 08:00
0 Plays Today
% Correct
Cardinals
95.3%
Yankees
88.1%
Phillies
83.3%
Cardinals
83.3%
Giants
81.4%
White Sox
81%
Red Sox
81%
Marlins
81%
Yankees
81%
Yankees
81%
Red Sox
79.1%
Angels
78.6%
Yankees
78.6%
Yankees
78.6%
Marlins
73.8%
Braves
73.8%
% Correct
Blue Jays
66.7%
Blue Jays
64.3%
Twins
59.5%
Dodgers
59.5%
Reds
57.1%
D-backs
54.8%
Athletics
54.8%
Orioles
53.7%
Cardinals
53.7%
Dodgers
53.7%
Twins
52.4%
Mets
52.4%
Royals
52.4%
Tigers
52.4%
Phillies
51.2%
no world series
38.1%

You're not logged in!

Compare scores with friends on all Sporcle quizzes.
Join for Free
OR
Log In

You Might Also Like...

Show Comments

Extras

Created Feb 25, 2012ReportNominate
Tags:World Quiz, 1980, winner, World Series

Top Quizzes Today


Score Distribution

Your Account Isn't Verified!

In order to create a playlist on Sporcle, you need to verify the email address you used during registration. Go to your Sporcle Settings to finish the process.

Report this User

Report this user for behavior that violates our Community Guidelines.

Details: